| 000 | 01033nam a2200265Ia 4500 | ||
|---|---|---|---|
| 003 | OSt | ||
| 005 | 20220923211640.0 | ||
| 006 | a|||||r|||| 00| 0 | ||
| 007 | ta | ||
| 008 | 220922b |||||||| |||| 00| 0 hin d | ||
| 024 | _a39,322 | ||
| 037 | _cTextual | ||
| 040 |
_aARTS _cARTS _bhin |
||
| 041 |
_2hin _ahin |
||
| 082 | _aO15:g(P:75), 152L2 | ||
| 100 | _aत्रिपाठी, रूद्रदेव | ||
| 245 | 0 | _aसंस्कृत-साहित्य में शब्दालकार | |
| 246 | _aSanskṛuta-sāhitya mean shabdālakāra | ||
| 260 |
_aदिल्ली _b श्री लाल बहादुर शास्त्री केन्द्रीय विधापीठ _c1972 |
||
| 300 |
_a554पृ. _ccm. |
||
| 490 | _aSanskrit vidyapeeth granthamala] vkbZ-,l-,l-,u- 9 | ||
| 650 |
_aहिन्दी साहित्य _9156264 |
||
| 942 |
_hO15:g(P:75), 152L2 _cTEXL _2CC |
||
| 999 |
_c302111 _d302111 |
||